000 00633cam a2200241 4500
001 B1632
008 090401t1986 xxu||||| |||| 00| 0 eng d
035 _a(Sirsi) u45526
041 _aeng
050 _a333.337
110 _aKFR Research
_92319
245 _aCommercial development briefs . - Volume 1 number 6 (August 1986) NE London and Essex
260 _aLondon
_bKnight Frank and Rutley
_c1986
300 _a20p. : ill.,maps ; 30cm.
350 _a0
650 _aDEVELOPMENT
650 _aENFIELD
650 _aHAVERING
650 _aINDUSTRIAL PROPERTY
650 _aOFFICES
942 _n0
948 _c04/03/1997
999 _c91750
_d91750